Los futuros de cambio (Registro nro. 18112)

Detalles MARC
000 -LEADER
fixed length control field 00308 a2200109 4500
001 - CONTROL NUMBER
control field ART_12899
005 - DATE AND TIME OF LATEST TRANSACTION
control field 20260410161734.0
008 - FIXED-LENGTH DATA ELEMENTS--GENERAL INFORMATION
fixed length control field 260409a
100 1# - MAIN ENTRY--PERSONAL NAME
Personal name Janovitz, Elemer
245 10 - TITLE STATEMENT
Title Los futuros de cambio
773 0# - HOST ITEM ENTRY
Title Ejecutivos de finanzas
Related parts - Año 7, Nº 67 (jul. 1990)
Record control number REV2863

No hay ítems disponibles.